000 00696nam a2200265 a 4500
001 nice12345678
003 IN_TiNIC
005 20260116013249.0
008 050524s2000 jaia grp 000 0 eng
020 _a8170337
_c375
082 0 0 _a306.0899145
_bBAS1
100 _aBasu, Sajal
245 _aCommunalism, Ethnicity and State Politics
260 _aJaipur
_bRawat Publications
_c2000
300 _a199p
500 _aincludes index and biblioraphy
505 2 _aCommunal and Ethinic Violence in India.
650 _aTribes-India
650 _aRiots-India
650 _aCommunalism-India
700 1 _aBasu, Sajal
902 _bSRS
942 _cBK
999 _c10313
_d10313